Die beliebtesten Boybands aller Zeiten - Statistiken

Allgemein
  • Dieses Quiz wurde 103 mal gespielt
  • Das Durchschnittsergebnis liegt bei 6 aus 30
Antwortstatistiken
Hint Antwort % Korrekt
1 Backstreet Boys
86%
2 Take That
76%
3 Nsync
65%
4 One Direction
47%
12 Caught in the Act
38%
23 The Boyz
34%
14 Us5
31%
7 New Kids on the Block
28%
8 Boyzone
26%
20 BTS
23%
13 East 17
23%
11 Blue
18%
5 Jackson Five
16%
21 Westlife
16%
30 Osmond Boys
15%
10 Worlds Apart
11%
6 O-Town
9%
15 Overground
9%
27 O-Zone
8%
22 Touche
7%
9 Bed & Breakfast
6%
18 B2K
5%
16 Bay City Rollers
3%
17 Monkees
3%
24 5ive
2%
24 3t
1%
19 Boys II Men
1%
29 Color me badd
1%
26 98 Degrees
0%
28 Bbmak
0%
Keine übereinstimmenden Quizze gefunden
Verteilung der Resultate
Anzahl Personen mit jedem Resultat
Perzentil nach korrekt beantworteten Fragen
Ihre Resultats-Entwicklung
Sie haben dieses Quiz noch nicht gespielt